000 00395nam a22001571a 4500
020 _a9788171240968
082 _aH2007
_bGIR/N
100 _aGirish Rastogi
245 _aNatak aur rang parikalpana/
_cby Girish Rastogi
260 _aVaranasi:
_bVishwavidyalaya,
_c1992.
300 _a100p.
650 _aLiterature Hindi
650 _aDrama Hindi Study
650 _aLiterature
942 _cBK
999 _c30600
_d30600